Liêu trai chí dị

Zapisane w:
Opis bibliograficzny
1. autor: Bồ, Tùng Linh
Format: Książka
Język:Undetermined
Wydane: Thành phố Hồ Chí Minh Văn Hóa Sài Gòn 2005
Hasła przedmiotowe:
Etykiety: Dodaj etykietę
Nie ma etykietki, Dołącz pierwszą etykiete!
Thư viện lưu trữ: Trung tâm Học liệu Trường Đại học Cần Thơ
LEADER 00612nam a2200193Ia 4500
001 CTU_96082
008 210402s9999 xx 000 0 und d
020 |c 129000 
082 |a 895.13 
082 |b L312/T.2 
100 |a Bồ, Tùng Linh 
245 0 |a Liêu trai chí dị 
245 0 |c Bồ Tùng Linh ; Cao Tự Thanh biên dịch 
260 |a Thành phố Hồ Chí Minh 
260 |b Văn Hóa Sài Gòn 
260 |c 2005 
650 |a Chinese fiction (Vietnamese),Ghost stories, Chinese (Vietnames) 
904 |i M.Loan 
980 |a Trung tâm Học liệu Trường Đại học Cần Thơ